Score 0/20 Timer 10:00
0 Plays Today
Country % Correct
Colombia
88.6%
Czechia
73.7%
Vatican City
68.6%
Hungary
60.9%
Panama
51.3%
Nepal
51.2%
Bolivia
49.1%
Kazakhstan
42.7%
Romania
42.7%
Yemen
40.6%
Country % Correct
Slovakia
40.4%
Sudan
39.1%
Lithuania
37.2%
Algeria
32.4%
Latvia
32%
Libya
28.5%
Jamaica
27.6%
United Arab Emirates
23.2%
Haiti
21.2%
Chad
12.8%
Remove Ads.
Support Sporcle.
Get the best of Sporcle when you Go Orange. This ad-free experience offers more features, more stats, and more fun while also helping to support Sporcle. Thank you for becoming a member.

You're not logged in!

Compare scores with friends on all Sporcle quizzes.
OR
Log In

Show Comments

Extras

Top Quizzes Today


Score Distribution

Your Account Isn't Verified!

In order to create a playlist on Sporcle, you need to verify the email address you used during registration. Go to your Sporcle Settings to finish the process.

Report this User

Report this user for behavior that violates our Community Guidelines.

Details: